Kvalita podnikateľského prostredia ako determinant investičnej atraktívnosti ekonomík na príklade štátov V4
Opatrenia na vylepšenie investičného prostredia. Faktory investičného prostredia. Kvalita domáceho investičného prostredia. Využitie pozitívnych externalít z prítomnosti priamych zahraničných investícií. Motivácia pre domáce podniky k učeniu sa od strategických zahraničných investorov a k investovan...
Enregistré dans:
| Auteur principal: | |
|---|---|
| Autres auteurs: | |
| Format: | Chapitre de livre |
| Langue: | slovaque |
| Sujets: | |
| Tags: |
Pas de tags, Soyez le premier à ajouter un tag!
|
MARC
| LEADER | 00000naa$a2200000$$$4500 | ||
|---|---|---|---|
| 001 | 0069892 | ||
| 005 | 20240502071837.7 | ||
| 041 | 0 | |a slo | |
| 044 | |a SK | ||
| 245 | 1 | 0 | |a Kvalita podnikateľského prostredia ako determinant investičnej atraktívnosti ekonomík na príklade štátov V4 |c Judita Táncošová, Andrea Aradyová |
| 520 | |a Opatrenia na vylepšenie investičného prostredia. Faktory investičného prostredia. Kvalita domáceho investičného prostredia. Využitie pozitívnych externalít z prítomnosti priamych zahraničných investícií. Motivácia pre domáce podniky k učeniu sa od strategických zahraničných investorov a k investovaniu do nových technológií. | ||
| 610 | 2 | 0 | |a kvalita |
| 610 | 2 | 0 | |a prostredie podnikateľské |
| 610 | 2 | 0 | |a investície priame zahraničné |
| 610 | 2 | 0 | |a motivácia |
| 610 | 2 | 0 | |a podnik malý |
| 610 | 2 | 0 | |a podnik stredný |
| 100 | 1 | |a Táncošová, Judita | |
| 700 | 1 | |a Aradyová, Andrea | |